[Event "Titled Tuesday intern op 12th Dec Early"]
[Site "Chess.com INT"]
[Date "2023.12.12"]
[Round "5"]
[White "Pranav, V."]
[Black "Rychkov, Oleg"]
[Result "1-0"]
[WhiteElo "2611"]
[BlackElo "2384"]
[PlyCount "87"]
[EventDate "2023.12.12"]
[EventType "swiss (blitz)"]
[EventRounds "11"]
[EventCountry "USA"]
[SourceTitle "CB51_2023"]
[SourceDate "2023.12.20"]
[SourceVersion "1"]
[SourceVersionDate "2023.12.20"]
[SourceQuality "1"]

1. e4 e5 2. Nf3 Nc6 3. Bb5 a6 4. Ba4 d6 5. Bxc6+ bxc6 6. d4 f6 7. 0-0 Ne7 8. Qd3 Ng6 9. Nc3 Be7 10. Qc4 Bd7 11. h3 Qb8 12. Rd1 a5 13. a3 Qb7 14. Be3 Qa6 15. Qa2 Nf8 16. Rd2 Be6 17. d5 Bf7 18. Nh4 g6 19. Nf3 Nd7 20. Bh6 Nb6 21. b3 cxd5 22. exd5 a4 23. Qb1 f5 24. Qd1 Qa5 25. Nxa4 Nxa4 26. bxa4 Qxa4 27. Rb1 Kd7 28. Qe2 Rhb8 29. Re1 Bf6 30. Bg5 Bg7 31. Nd4 Qxa3 32. Ne6 Bh8 33. Qc4 Qa5 34. Qc6+ Kc8 35. Nf8 f4 36. Qd7+ Kb7 37. Rdd1 Bxd5 38. Rb1+ Ka7 39. Ra1 Ba2 40. Ne6 Rb7 41. Nd8 Rb2 42. Nc6+ Kb6 43. Nxa5 Ra6 44. Nb3 1-0

[Event "Titled Tuesday intern op 12th Dec Early"]
[Site "Chess.com INT"]
[Date "2023.12.12"]
[Round "6"]
[White "Rychkov, Oleg"]
[Black "Goltseva, Ekaterina"]
[Result "1/2-1/2"]
[WhiteElo "2384"]
[BlackElo "2331"]
[PlyCount "86"]
[EventDate "2023.12.12"]
[EventType "swiss (blitz)"]
[EventRounds "11"]
[EventCountry "USA"]
[SourceTitle "CB51_2023"]
[SourceDate "2023.12.20"]
[SourceVersion "1"]
[SourceVersionDate "2023.12.20"]
[SourceQuality "1"]

1. e4 c5 2. Nf3 Nf6 3. e5 Nd5 4. Nc3 e6 5. Nxd5 exd5 6. d4 Nc6 7. dxc5 Bxc5 8. Bd3 d6 9. exd6 Qxd6 10. 0-0 0-0 11. Be2 Bf5 12. c3 Rad8 13. b4 Bb6 14. a4 a5 15. b5 Ne5 16. Nd4 Be4 17. Ba3 Bc5 18. Bxc5 Qxc5 19. Qd2 Rc8 20. f3 Bg6 21. f4 Nc4 22. Bxc4 Qxc4 23. f5 Bh5 24. Rac1 f6 25. h3 Bf7 26. Rfe1 Rfe8 27. Rxe8+ Rxe8 28. Re1 Re5 29. Nf3 Rxe1+ 30. Qxe1 Qxa4 31. Nd4 Qa3 32. Qg3 Qe7 33. b6 a4 34. Qb8+ Be8 35. Ne6 a3 36. Qa8 Kf7 37. Nd8+ Kg8 38. Ne6 Kf7 39. Nc7 Qe1+ 40. Kh2 Qe5+ 41. Kg1 Qe1+ 42. Kh2 Qe5+ 43. Kg1 Qe1+ 1/2-1/2

[Event "Titled Tuesday intern op 14th Nov Early"]
[Site "Chess.com INT"]
[Date "2023.11.14"]
[Round "5"]
[White "Rychkov, Oleg"]
[Black "Belov, Alexei"]
[Result "1-0"]
[WhiteElo "2384"]
[BlackElo "2421"]
[PlyCount "85"]
[EventDate "2023.11.14"]
[EventType "swiss (blitz)"]
[EventRounds "11"]
[EventCountry "USA"]
[SourceTitle "CB47_2023"]
[SourceDate "2023.11.22"]
[SourceVersion "1"]
[SourceVersionDate "2023.11.22"]
[SourceQuality "1"]

1. e4 e6 2. d4 d5 3. Nd2 Nf6 4. Bd3 c5 5. c3 Nc6 6. Ngf3 dxe4 7. Nxe4 cxd4 8. Nxf6+ gxf6 9. cxd4 Bd7 10. 0-0 Qb6 11. d5 exd5 12. Re1+ Be7 13. Be3 d4 14. Bh6 0-0-0 15. a3 Bd6 16. b4 Rhe8 17. Qc2 Kb8 18. Bxh7 Ne5 19. Nxe5 fxe5 20. Bg5 Rc8 21. Qd2 f5 22. Bg6 Rf8 23. h4 e4 24. Rac1 Ka8 25. h5 d3 26. Rxc8+ Rxc8 27. Rc1 Rf8 28. Qe3 Qa6 29. Qd4 Be6 30. h6 Bg8 31. h7 Bxh7 32. Bxh7 Bb8 33. Qg7 Re8 34. Be3 Qxa3 35. Qd7 Rh8 36. Qxf5 Qxb4 37. Qxe4 Qd6 38. g3 d2 39. Rd1 Qd7 40. Bf5 Qg7 41. Rxd2 Qa1+ 42. Qb1 Qe5 43. Be4 1-0

[Event "Titled Tuesday intern op 14th Nov Early"]
[Site "Chess.com INT"]
[Date "2023.11.14"]
[Round "3"]
[White "Rychkov, Oleg"]
[Black "Sadhwani, Raunak"]
[Result "1-0"]
[WhiteElo "2384"]
[BlackElo "2650"]
[PlyCount "41"]
[EventDate "2023.11.14"]
[EventType "swiss (blitz)"]
[EventRounds "11"]
[EventCountry "USA"]
[SourceTitle "CB47_2023"]
[SourceDate "2023.11.22"]
[SourceVersion "1"]
[SourceVersionDate "2023.11.22"]
[SourceQuality "1"]

1. e4 e6 2. d4 d5 3. Nd2 Nc6 4. Ngf3 Nf6 5. e5 Nd7 6. c4 dxc4 7. Nxc4 Nb6 8. a3 Be7 9. Be3 0-0 10. Qc2 Nd5 11. Bd3 h6 12. h4 b6 13. Rh3 f5 14. exf6 Bxf6 15. 0-0-0 b5 16. Nce5 Bxe5 17. dxe5 Nce7 18. Rg3 Kh8 19. Bc5 Bb7 20. Ng5 Qd7 21. Bxb5 1-0

[Event "Titled Tuesday intern op 04th Oct Early"]
[Site "Chess.com INT"]
[Date "2022.10.04"]
[Round "1"]
[White "Rychkov, Oleg"]
[Black "Ismayil, Malak"]
[Result "1-0"]
[WhiteElo "2421"]
[BlackElo "1941"]
[PlyCount "97"]
[EventDate "2022.10.04"]
[EventType "swiss (blitz)"]
[EventRounds "11"]
[EventCountry "USA"]
[SourceTitle "EXT 2023"]
[Source "ChessBase"]
[SourceDate "2022.10.05"]
[SourceVersion "1"]
[SourceVersionDate "2022.10.05"]
[SourceQuality "1"]

1. e4 e5 2. Nf3 Nc6 3. c3 Nf6 4. d4 exd4 5. e5 Nd5 6. cxd4 Bb4+ 7. Bd2 Be7 8. Bc4 Nb6 9. Bb3 d5 10. Nc3 Bg4 11. Be3 0-0 12. h3 Bh5 13. g4 Bg6 14. a3 Qd7 15. Nd2 Rad8 16. h4 Bd3 17. f4 Na5 18. Ba2 Nac4 19. Nxc4 Bxc4 20. Bb1 c5 21. Qc2 g6 22. f5 cxd4 23. Bxd4 Rc8 24. e6 Qd6 25. Qh2 Qxh2 26. Rxh2 fxe6 27. h5 Bd6 28. Rg2 e5 29. Be3 d4 30. Ne4 Be7 31. Bh6 Rfd8 32. hxg6 hxg6 33. f6 Bf8 34. Rh2 Bd5 35. Bd3 Nc4 36. Ng5 Nxb2 37. Bxg6 Bxh6 38. Rxh6 d3 39. Bf5 d2+ 40. Kxd2 Be4+ 41. Ke3 Bxf5 42. gxf5 Rd3+ 43. Ke4 Rc4+ 44. Kxe5 Re3+ 45. Kd6 Rc6+ 46. Kd7 Rd3+ 47. Ke7 Re3+ 48. Ne6 Nc4 49. Rg1+ 1-0

[Event "Titled Tuesday intern op 20th Sep Early"]
[Site "Chess.com INT"]
[Date "2022.09.20"]
[Round "7"]
[White "Rychkov, Oleg"]
[Black "Bilan, Danila"]
[Result "1-0"]
[WhiteElo "2439"]
[BlackElo "2303"]
[PlyCount "65"]
[EventDate "2022.09.20"]
[EventType "swiss (blitz)"]
[EventRounds "11"]
[EventCountry "USA"]
[SourceTitle "EXT 2023"]
[Source "ChessBase"]
[SourceDate "2022.10.05"]
[SourceVersion "1"]
[SourceVersionDate "2022.10.05"]
[SourceQuality "1"]

1. e4 c6 2. d4 d5 3. e5 c5 4. dxc5 Nc6 5. Bb5 e6 6. Be3 Qc7 7. f4 Bd7 8. Bxc6 Bxc6 9. Nf3 Nh6 10. c3 a5 11. a4 Be7 12. Na3 0-0 13. 0-0 Qd7 14. b3 f6 15. Qd2 Rac8 16. h3 Nf5 17. Bf2 d4 18. Bxd4 Bxf3 19. Rxf3 Bxc5 20. Nb5 fxe5 21. fxe5 Qd5 22. Qf2 Nxd4 23. cxd4 Rxf3 24. gxf3 Bb6 25. Qe3 Rf8 26. Kg2 Rc8 27. Rc1 Rf8 28. Rc3 h6 29. Qe4 Qd7 30. Nd6 Qe7 31. f4 Qh4 32. Rf3 Qe1 33. Qxe1 1-0

[Event "Titled Tuesday intern op 20th Sep Early"]
[Site "Chess.com INT"]
[Date "2022.09.20"]
[Round "2"]
[White "Rychkov, Oleg"]
[Black "Rom, Jasper B"]
[Result "1-0"]
[WhiteElo "2439"]
[BlackElo "2202"]
[PlyCount "89"]
[EventDate "2022.09.20"]
[EventType "swiss (blitz)"]
[EventRounds "11"]
[EventCountry "USA"]
[SourceTitle "EXT 2023"]
[Source "ChessBase"]
[SourceDate "2022.10.05"]
[SourceVersion "1"]
[SourceVersionDate "2022.10.05"]
[SourceQuality "1"]

1. e4 e6 2. d4 d5 3. e5 c5 4. c3 Nc6 5. Nf3 Bd7 6. Be2 Nge7 7. Na3 cxd4 8. cxd4 Nf5 9. Nc2 Qb6 10. 0-0 Na5 11. b3 h5 12. Ne3 g6 13. Nxf5 gxf5 14. Bg5 Bb5 15. h4 Bxe2 16. Qxe2 Ba3 17. Bf6 Rg8 18. Ng5 Qxd4 19. Qxh5 Rg6 20. Qh8+ Bf8 21. h5 Rxg5 22. Bxg5 Nc6 23. Bh6 Qb4 24. a3 Qe7 25. Qg8 Kd7 26. Bg5 Qe8 27. h6 Be7 28. Qg7 Bxg5 29. Qxg5 Qh8 30. Qh5 Rg8 31. Qxf7+ Ne7 32. Qf6 Qxf6 33. exf6 Ng6 34. g3 Rh8 35. Kg2 Ne5 36. Rh1 Ke8 37. Rac1 Nc6 38. b4 a6 39. a4 Kf7 40. b5 axb5 41. axb5 Ne5 42. Rc7+ Kxf6 43. Rxb7 d4 44. Rc7 d3 45. b6 1-0

[Event "Titled Tuesday intern op 20th Sep Early"]
[Site "Chess.com INT"]
[Date "2022.09.20"]
[Round "4"]
[White "Tang, Andrew"]
[Black "Rychkov, Oleg"]
[Result "0-1"]
[WhiteElo "2539"]
[BlackElo "2439"]
[PlyCount "90"]
[EventDate "2022.09.20"]
[EventType "swiss (blitz)"]
[EventRounds "11"]
[EventCountry "USA"]
[SourceTitle "EXT 2023"]
[Source "ChessBase"]
[SourceDate "2022.10.05"]
[SourceVersion "1"]
[SourceVersionDate "2022.10.05"]
[SourceQuality "1"]

1. d4 Nf6 2. c4 e6 3. Nc3 d5 4. cxd5 exd5 5. Bg5 Be7 6. e3 Nbd7 7. Bd3 Nf8 8. Nge2 Ne6 9. Bh4 g6 10. 0-0 Ng7 11. f3 0-0 12. Bf2 c5 13. Rc1 b6 14. dxc5 bxc5 15. e4 dxe4 16. Nxe4 Nxe4 17. Bxe4 Rb8 18. Qc2 Bf5 19. Nc3 Bxe4 20. Nxe4 Ne6 21. Rfd1 Qa5 22. b3 Rfd8 23. h4 Rxd1+ 24. Rxd1 Rd8 25. Rxd8+ Qxd8 26. h5 Qd5 27. hxg6 hxg6 28. Kf1 Qe5 29. g3 f5 30. Nd2 Bf6 31. Qc4 Kg7 32. Kg2 Nd4 33. Qa6 Qe7 34. Nc4 Qe2 35. Qb7+ Kh6 36. Nd6 Nc2 37. Nf7+ Kh5 38. Kg1 Ne1 39. g4+ fxg4 40. fxg4+ Qxg4+ 41. Kf1 Nf3 42. Qd5+ g5 43. Nd6 Nh2+ 44. Ke1 Bc3+ 45. Qd2 Nf3+ 0-1

[Event "Titled Tuesday intern op 08th June"]
[Site "Chess.com INT"]
[Date "2021.06.08"]
[Round "8"]
[White "Espinosa Veloz, Ermes"]
[Black "Rychkov, Oleg"]
[Result "1-0"]
[WhiteElo "2485"]
[BlackElo "2410"]
[PlyCount "71"]
[EventDate "2021.06.08"]
[EventType "swiss (blitz)"]
[EventRounds "11"]
[EventCountry "USA"]
[SourceTitle "CBM 202 Extra"]
[Source "ChessBase"]
[SourceDate "2021.07.31"]
[SourceVersion "1"]
[SourceVersionDate "2021.07.31"]
[SourceQuality "1"]

1. e4 c6 2. d4 d5 3. e5 c5 4. Nf3 Nc6 5. c4 Bg4 6. cxd5 Qxd5 7. Nc3 Bxf3 8. Nxd5 Bxd1 9. Nc7+ Kd7 10. Nxa8 Bc2 11. d5 Nxe5 12. Bf4 f6 13. Bxe5 fxe5 14. Rc1 Be4 15. Rxc5 Nf6 16. Bc4 Bxg2 17. Rg1 Bf3 18. Rc7+ Kd6 19. Rxb7 Kc5 20. Rc7+ Kd4 21. Kd2 e6 22. dxe6 Bb4+ 23. Kc2 Rxa8 24. Rgxg7 Nd5 25. Rgd7 Be4+ 26. Kd1 Rg8 27. Ke2 Rg1 28. f3 Rg2+ 29. Kf1 Bxf3 30. Bxd5 Ke3 31. Bxf3 Rf2+ 32. Kg1 Rxb2 33. e7 Kxf3 34. Rd3+ Ke2 35. e8Q Kxd3 36. Qxe5 1-0

[Event "Titled Tuesday intern op 08th June"]
[Site "Chess.com INT"]
[Date "2021.06.08"]
[Round "4"]
[White "Rychkov, Oleg"]
[Black "Kamsky, Gata"]
[Result "0-1"]
[WhiteElo "2410"]
[BlackElo "2658"]
[PlyCount "62"]
[EventDate "2021.06.08"]
[EventType "swiss (blitz)"]
[EventRounds "11"]
[EventCountry "USA"]
[SourceTitle "CBM 202 Extra"]
[Source "ChessBase"]
[SourceDate "2021.07.31"]
[SourceVersion "1"]
[SourceVersionDate "2021.07.31"]
[SourceQuality "1"]

1. d4 Nf6 2. c4 e6 3. Nf3 b6 4. Nc3 Bb4 5. Bd2 Bb7 6. e3 0-0 7. Bd3 c5 8. a3 Bxc3 9. Bxc3 cxd4 10. Bxd4 d6 11. 0-0 e5 12. Nxe5 dxe5 13. Bxe5 Nbd7 14. Bd6 Re8 15. b4 Ne5 16. Be2 Ne4 17. Bxe5 Rxe5 18. Qc2 Nd2 19. Rfd1 Qg5 20. g3 Nf3+ 21. Bxf3 Bxf3 22. Rd4 Rae8 23. Rf4 Be4 24. Qd2 Qe7 25. Rd1 g5 26. Rg4 h5 27. f4 hxg4 28. fxe5 Bf3 29. Re1 Qxe5 30. Kf2 Qf5 31. Kg1 Bc6 0-1

[Event "Titled Tuesday intern op 11th May"]
[Site "Chess.com INT"]
[Date "2021.05.11"]
[Round "3"]
[White "Rychkov, Oleg"]
[Black "Yoo, Christopher Woojin"]
[Result "1/2-1/2"]
[WhiteElo "2410"]
[BlackElo "2455"]
[PlyCount "123"]
[EventDate "2021.05.11"]
[EventType "swiss (blitz)"]
[EventRounds "11"]
[EventCountry "USA"]
[SourceTitle "CBM 202 Extra"]
[Source "ChessBase"]
[SourceDate "2021.07.31"]
[SourceVersion "1"]
[SourceVersionDate "2021.07.31"]
[SourceQuality "1"]

1. e4 c5 2. Nf3 e6 3. d4 cxd4 4. Nxd4 Nf6 5. Nc3 Qb6 6. Nb3 Bb4 7. Bd3 d6 8. Be3 Bxc3+ 9. bxc3 Qc7 10. Qd2 e5 11. f3 Be6 12. 0-0 0-0 13. Nc1 Nbd7 14. Ne2 Nb6 15. Qe1 Nc4 16. Bg5 Nd7 17. f4 exf4 18. Nxf4 Qc5+ 19. Rf2 Qxg5 20. Nxe6 fxe6 21. Bxc4 Qe5 22. Rb1 Nc5 23. Re2 Rf7 24. Rd1 Raf8 25. Qg3 Rf4 26. Bd3 Qxc3 27. e5 Nxd3 28. cxd3 dxe5 29. h3 e4 30. Kh2 exd3 31. Rxe6 Rd4 32. Re7 Rdd8 33. Rxb7 a5 34. Rb3 Qc2 35. Rdxd3 Rxd3 36. Rxd3 Qxa2 37. Rd7 Qb2 38. Ra7 Rf5 39. Ra8+ Rf8 40. Rxa5 Qf6 41. Ra7 h6 42. Qc7 Kh7 43. Qg3 Rf7 44. Qd3+ g6 45. Rxf7+ Qxf7 46. Qg3 Kg7 47. h4 Qf5 48. Qc7+ Kg8 49. Qd8+ Kf7 50. Qc7+ Ke8 51. Qg3 Kd7 52. Qe3 h5 53. g3 Kd6 54. Kg2 Qd5+ 55. Kh2 Qe5 56. Qd3+ Ke7 57. Qxg6 Qe2+ 58. Kg1 Qe1+ 59. Kg2 Qe2+ 60. Kg1 Qe1+ 61. Kg2 Qe2+ 62. Kg1 1/2-1/2

[Event "Titled Tuesday intern op 04th May"]
[Site "Chess.com INT"]
[Date "2021.05.04"]
[Round "1"]
[White "Rychkov, Oleg"]
[Black "Aslanov, Umid Fuad"]
[Result "1-0"]
[WhiteElo "2410"]
[BlackElo "2019"]
[PlyCount "99"]
[EventDate "2021.05.04"]
[EventType "swiss (blitz)"]
[EventRounds "11"]
[EventCountry "USA"]
[SourceTitle "CBM 202 Extra"]
[Source "ChessBase"]
[SourceDate "2021.07.31"]
[SourceVersion "1"]
[SourceVersionDate "2021.07.31"]
[SourceQuality "1"]

1. d4 d5 2. c4 e6 3. Nf3 c6 4. g3 Nf6 5. Bg2 Be7 6. 0-0 0-0 7. b3 Nbd7 8. Bb2 b6 9. Nbd2 Bb7 10. Qc2 c5 11. Ne5 Qc7 12. Nxd7 Qxd7 13. cxd5 exd5 14. Nf3 Rac8 15. Ne5 Qc7 16. Rac1 Nd7 17. Bh3 Bc6 18. Rfd1 Rcd8 19. Nxc6 Qxc6 20. dxc5 bxc5 21. Bg2 Nb6 22. a4 Qe6 23. a5 Na8 24. Rd3 Nc7 25. Re3 Qd6 26. Rd1 d4 27. Red3 Na6 28. Ba3 Qc7 29. Qd2 Rb8 30. Rc1 Qe5 31. e3 dxe3 32. Rxe3 Bg5 33. f4 Qd4 34. Qxd4 cxd4 35. Rd3 Bf6 36. Bxf8 Kxf8 37. Rc4 Nb4 38. Rd1 d3 39. Be4 Be7 40. Bxd3 Rd8 41. Be2 Re8 42. Kf1 Na6 43. Rd7 Nc5 44. Rxa7 Nxb3 45. Rc2 Bb4 46. a6 Nd2+ 47. Rxd2 Bxd2 48. Bc4 Re7 49. Rxe7 Kxe7 50. a7 1-0

[Event "Titled Tuesday intern op 26th Jan"]
[Site "Chess.com INT"]
[Date "2021.01.26"]
[Round "4"]
[White "Gulkov, Igor A"]
[Black "Rychkov, Oleg"]
[Result "1-0"]
[WhiteElo "2358"]
[BlackElo "2410"]
[PlyCount "111"]
[EventDate "2021.01.26"]
[EventType "swiss (blitz)"]
[EventRounds "11"]
[EventCountry "USA"]
[SourceTitle "CBM 200 Extra"]
[Source "ChessBase"]
[SourceDate "2021.03.31"]
[SourceVersion "1"]
[SourceVersionDate "2021.03.31"]
[SourceQuality "1"]

1. Nf3 c5 2. c4 Nf6 3. Nc3 d5 4. cxd5 Nxd5 5. e4 Nxc3 6. dxc3 Qxd1+ 7. Kxd1 Nd7 8. Be3 b6 9. Nd2 Bb7 10. f3 e6 11. Kc2 0-0-0 12. a4 Bd6 13. a5 Ne5 14. axb6 axb6 15. Nc4 Nxc4 16. Bxc4 Kc7 17. h3 h5 18. Rhd1 Ra8 19. Bb5 f6 20. Bc4 f5 21. exf5 exf5 22. Rxa8 Rxa8 23. Bd5 Re8 24. Bxb7 Rxe3 25. Ba6 h4 26. Bd3 g6 27. Rd2 Re1 28. Re2 Rg1 29. Bb5 Bf4 30. Kb3 Kd6 31. Kc4 Be5 32. Be8 g5 33. Bg6 f4 34. Be4 Kc7 35. Rd2 Bd6 36. Re2 Rd1 37. Bc2 Ra1 38. Be4 Rd1 39. Kb5 Ra1 40. Kc4 Ra4+ 41. Kd5 Ra1 42. Ke6 Ra5 43. Rd2 Bf8 44. Rd7+ Kc8 45. Rf7 Bh6 46. Rh7 Ra2 47. Rxh6 Rxb2 48. Kf5 Rxg2 49. Rxb6 Rg3 50. c4 Rxh3 51. Kxg5 Kd7 52. Kxf4 Rh1 53. Rh6 h3 54. Ke5 h2 55. f4 Ke7 56. Bxh1 1-0

[Event "Titled Tuesday intern op 26th Jan"]
[Site "Chess.com INT"]
[Date "2021.01.26"]
[Round "3"]
[White "Rychkov, Oleg"]
[Black "Vovk, Orest"]
[Result "1/2-1/2"]
[WhiteElo "2410"]
[BlackElo "2315"]
[PlyCount "181"]
[EventDate "2021.01.26"]
[EventType "swiss (blitz)"]
[EventRounds "11"]
[EventCountry "USA"]
[SourceTitle "CBM 200 Extra"]
[Source "ChessBase"]
[SourceDate "2021.03.31"]
[SourceVersion "1"]
[SourceVersionDate "2021.03.31"]
[SourceQuality "1"]

1. e4 Nc6 2. Nf3 d5 3. exd5 Qxd5 4. Nc3 Qa5 5. Bb5 Bd7 6. d4 0-0-0 7. 0-0 a6 8. Ba4 Qh5 9. Bxc6 Bxc6 10. Ne5 Qxd1 11. Rxd1 Be8 12. Be3 f6 13. Nd3 e6 14. f3 Ne7 15. Bf2 Nd5 16. Re1 Bf7 17. Ne4 Nb4 18. Nxb4 Bxb4 19. c3 Be7 20. Bg3 Rhe8 21. Nf2 Bd6 22. a4 Bxg3 23. hxg3 Bg6 24. f4 h5 25. Re2 Bf5 26. Nd1 Bg4 27. Re4 Bxd1 28. Rxd1 Rd5 29. Rde1 Kd7 30. b4 b5 31. a5 g5 32. Kf2 Rf5 33. Rh1 Rh8 34. g4 Rxf4+ 35. Rxf4 gxf4 36. gxh5 e5 37. Kf3 Ke6 38. dxe5 fxe5 39. Ke4 Rh6 40. Rh4 c6 41. Rg4 Rxh5 42. Rg6+ Kd7 43. Rg7+ Kd6 44. Rg6+ Kd7 45. g3 fxg3 46. Rxg3 Kd6 47. Rg6+ Kc7 48. Rg7+ Kb8 49. Rg3 Kc7 50. Rd3 Rg5 51. Rh3 Kd6 52. Rh6+ Kc7 53. Rh7+ Kb8 54. Rh8+ Kc7 55. Rh7+ Kb8 56. Kf3 Rf5+ 57. Ke3 Rg5 58. Re7 Rg3+ 59. Kd2 Rg2+ 60. Kd3 Rg5 61. c4 Rg3+ 62. Ke4 bxc4 63. Rxe5 c3 64. Rc5 Kc7 65. Kd4 Rh3 66. Rxc3 Rh4+ 67. Kc5 Rh5+ 68. Kc4 Rh4+ 69. Kb3 Rh5 70. Rc4 Rh7 71. Rf4 Kb7 72. Kc4 Rg7 73. Rf5 Rg4+ 74. Kc5 Rg7 75. Re5 Rf7 76. Kd6 Rf6+ 77. Re6 Rf4 78. Re7+ Kb8 79. Kc5 Rf6 80. Kb6 c5+ 81. Kxc5 Ka8 82. Rc7 Rg6 83. Rc6 Rg5+ 84. Kb6 Rb5+ 85. Kxa6 Rxb4 86. Rc8+ Rb8 87. Rxb8+ Kxb8 88. Kb6 Ka8 89. a6 Kb8 90. a7+ Ka8 91. Ka6 1/2-1/2

[Event "Titled Tuesday intern op 29th Dec"]
[Site "Chess.com INT"]
[Date "2020.12.29"]
[Round "4"]
[White "Salem, AR Saleh"]
[Black "Rychkov, Oleg"]
[Result "1-0"]
[WhiteElo "2682"]
[BlackElo "2410"]
[PlyCount "89"]
[EventDate "2020.12.29"]
[EventType "swiss (blitz)"]
[EventRounds "11"]
[EventCountry "USA"]
[SourceTitle "CBM 200 Extra"]
[Source "ChessBase"]
[SourceDate "2021.03.31"]
[SourceVersion "1"]
[SourceVersionDate "2021.03.31"]
[SourceQuality "1"]

1. e4 c5 2. Nf3 e6 3. c3 Nf6 4. e5 Nd5 5. d4 cxd4 6. cxd4 d6 7. Bc4 Nb6 8. Bd3 Nc6 9. 0-0 dxe5 10. dxe5 Nd7 11. Re1 Nc5 12. Bc2 Qxd1 13. Rxd1 Nb4 14. Rd2 Nxc2 15. Rxc2 Bd7 16. Be3 Nd3 17. Nbd2 Nb4 18. Rc7 Bc6 19. Ng5 Be7 20. Rxe7+ Kxe7 21. Bc5+ Ke8 22. Bxb4 Rd8 23. Nc4 Rd4 24. Nd6+ Kd7 25. Ngxf7 Rb8 26. Bc5 Rd2 27. Bxa7 Rf8 28. Bc5 Rxb2 29. Nc4 Rxa2 30. Rxa2 Rxf7 31. Nb6+ Kc7 32. Ra8 Bd7 33. f3 Rf5 34. Nxd7 Kxd7 35. Bd6 Rf7 36. Rf8 Rxf8 37. Bxf8 g6 38. Kf2 Kc6 39. Ke3 Kd5 40. f4 b5 41. Kd3 h5 42. h3 g5 43. fxg5 Kxe5 44. g4 hxg4 45. hxg4 1-0

[Event "Titled Tuesday intern op 17th Nov"]
[Site "Chess.com INT"]
[Date "2020.11.17"]
[Round "1"]
[White "Rychkov, Oleg"]
[Black "Sukandar, Irine Kharisma"]
[Result "0-1"]
[WhiteElo "2410"]
[BlackElo "2413"]
[PlyCount "62"]
[EventDate "2020.11.17"]
[EventType "swiss (blitz)"]
[EventRounds "11"]
[EventCountry "USA"]
[SourceTitle "CBM 199 Extra"]
[Source "ChessBase"]
[SourceDate "2021.01.31"]
[SourceVersion "1"]
[SourceVersionDate "2021.01.31"]
[SourceQuality "1"]

1. e4 e5 2. Nf3 Nf6 3. Nc3 Nc6 4. d4 exd4 5. Nxd4 Bb4 6. Nxc6 bxc6 7. Bd3 0-0 8. 0-0 d5 9. exd5 cxd5 10. Bg5 c6 11. Na4 h6 12. Bh4 Rb8 13. c4 Be6 14. Rc1 Bd6 15. Bg3 Bxg3 16. hxg3 Qa5 17. b3 Rfd8 18. cxd5 Bxd5 19. Qc2 Ng4 20. Rfd1 Re8 21. Nc3 Bxb3 22. axb3 Qh5 23. Ne4 Qh2+ 24. Kf1 Qh1+ 25. Ke2 Qxg2 26. Rf1 Rxe4+ 27. Bxe4 Re8 28. Qxc6 Rxe4+ 29. Kd3 Qf3+ 30. Kc2 Re2+ 31. Kd1 Qd3# 0-1

[Event "Titled Tuesday intern op 10th Nov"]
[Site "Chess.com INT"]
[Date "2020.11.10"]
[Round "6"]
[White "Alekseenko, Kirill"]
[Black "Rychkov, Oleg"]
[Result "0-1"]
[WhiteElo "2696"]
[BlackElo "2410"]
[PlyCount "66"]
[EventDate "2020.11.10"]
[EventType "swiss (blitz)"]
[EventRounds "11"]
[EventCountry "USA"]
[SourceTitle "CBM 199 Extra"]
[Source "ChessBase"]
[SourceDate "2021.01.31"]
[SourceVersion "1"]
[SourceVersionDate "2021.01.31"]
[SourceQuality "1"]

1. d4 Nf6 2. Nc3 e6 3. Bf4 Bd6 4. Bxd6 cxd6 5. e4 a6 6. a4 0-0 7. Nf3 b6 8. Bd3 Bb7 9. 0-0 d5 10. e5 Ne8 11. Qe2 Nc6 12. h4 h6 13. Nd1 Nb4 14. Ne3 d6 15. Ng4 Nxd3 16. cxd3 dxe5 17. Ngxe5 Nf6 18. Qd2 a5 19. Qf4 Rc8 20. Rac1 Qe7 21. g4 Nd7 22. Nxd7 Qxd7 23. b3 Ba6 24. Ne5 Qd6 25. g5 f6 26. Rxc8 Bxc8 27. gxf6 Rxf6 28. Qg3 Qc7 29. Qe3 Rf8 30. Rc1 Qd8 31. Ng6 Rf6 32. Rxc8 Rxg6+ 33. Qg5 Rxg5+ 0-1

[Event "Titled Tuesday intern op 10th Nov"]
[Site "Chess.com INT"]
[Date "2020.11.10"]
[Round "7"]
[White "Jumabayev, Rinat"]
[Black "Rychkov, Oleg"]
[Result "1/2-1/2"]
[WhiteElo "2654"]
[BlackElo "2410"]
[PlyCount "106"]
[EventDate "2020.11.10"]
[EventType "swiss (blitz)"]
[EventRounds "11"]
[EventCountry "USA"]
[SourceTitle "CBM 199 Extra"]
[Source "ChessBase"]
[SourceDate "2021.01.31"]
[SourceVersion "1"]
[SourceVersionDate "2021.01.31"]
[SourceQuality "1"]

1. d4 Nf6 2. c4 e6 3. Nf3 d5 4. g3 dxc4 5. Bg2 Bb4+ 6. Bd2 c5 7. Qc1 Bxd2+ 8. Nbxd2 cxd4 9. Nxc4 Nc6 10. 0-0 0-0 11. Rd1 Qe7 12. Nfe5 Bd7 13. Nxc6 Bxc6 14. Bxc6 bxc6 15. Rxd4 Rfd8 16. Qe3 c5 17. Rxd8+ Rxd8 18. Rc1 Rd4 19. Ne5 Qd6 20. Nd3 Nd7 21. b3 h6 22. f3 e5 23. Rc2 f5 24. Kg2 e4 25. Nf2 Nf6 26. Qc3 exf3+ 27. exf3 Nd7 28. Re2 Qd5 29. Qe3 Nf6 30. Nh3 Rd3 31. Qf2 Ng4 32. Nf4 Qc6 33. Nxd3 Nxf2 34. Nxf2 Qd5 35. Rc2 Qd4 36. Re2 c4 37. bxc4 Qxc4 38. Rd2 a5 39. h4 Kf7 40. Nh3 Qc1 41. Re2 Qd1 42. Rf2 Kf6 43. h5 a4 44. Nf4 a3 45. Re2 Qb1 46. Re6+ Kf7 47. Re2 Qb7 48. Kf2 Qb6+ 49. Kg2 Qd4 50. Kh2 Qc3 51. Kg2 Qd4 52. Kh2 Qc3 53. Kg2 Qd4 1/2-1/2

[Event "Titled Tuesday intern op 10th Nov"]
[Site "Chess.com INT"]
[Date "2020.11.10"]
[Round "2"]
[White "Perdomo, Carlos Andres"]
[Black "Rychkov, Oleg"]
[Result "0-1"]
[WhiteElo "2301"]
[BlackElo "2410"]
[PlyCount "104"]
[EventDate "2020.11.10"]
[EventType "swiss (blitz)"]
[EventRounds "11"]
[EventCountry "USA"]
[SourceTitle "CBM 199 Extra"]
[Source "ChessBase"]
[SourceDate "2021.01.31"]
[SourceVersion "1"]
[SourceVersionDate "2021.01.31"]
[SourceQuality "1"]

1. c4 e5 2. Nc3 Nc6 3. Nf3 f5 4. d3 Nf6 5. g3 Bb4 6. Bg2 Bxc3+ 7. bxc3 d6 8. 0-0 0-0 9. Rb1 Qe8 10. Nd2 b6 11. Nb3 Bd7 12. d4 e4 13. e3 a5 14. Ba3 a4 15. Nc1 Rf7 16. Ne2 Na5 17. c5 Nc4 18. Qc1 d5 19. cxb6 cxb6 20. Bb4 a3 21. Nf4 Bb5 22. Re1 g5 23. Ne2 Nb2 24. Rxb2 axb2 25. Qxb2 Bc4 26. a3 Qb5 27. Nc1 Rfa7 28. Nb3 Kf7 29. Nd2 Bd3 30. Bh3 Kg6 31. Qc1 h5 32. f4 g4 33. Bf1 h4 34. Bxd3 Qxd3 35. Nf1 hxg3 36. hxg3 Rh7 37. Qd2 Rah8 38. Qxd3 exd3 39. Rd1 Rh1+ 40. Kg2 Ne4 41. Rxd3 Nxg3 42. Kxg3 Rxf1 43. Rd2 Rh3+ 44. Kg2 Rff3 45. Ra2 Rxe3 46. Kf1 Rhf3+ 47. Rf2 Kh5 48. a4 g3 49. Rxf3 Rxf3+ 50. Kg2 Kg4 51. c4 Rf2+ 52. Kg1 Kf3 0-1